Aplikace principu samofinancování v hospodářské praxi.

Praktické skúsenosti s uplatnením princípu samofinancovania v podniku První Brněnská strojírna. Základné prístupy a východiská. Tvorba zdrojov a ich použitie v podmienkach samofinancovania. Vstupné hodnoty a funkčný model samofinancovania. Autoregulačný mechanizmus modelu samofinancovania.

Guardado en:
Detalles Bibliográficos
Autor principal: David, J.
Otros Autores: Hlavica, J., Krejčí, P.
Formato: Capítulo de libro
Lenguaje:checo
Materias:
Etiquetas: Agregar Etiqueta
Sin Etiquetas, Sea el primero en etiquetar este registro!

MARC

LEADER 00000naa a2200000 4500
001 r002280
005 20220906084133.2
041 0 |a cze 
044 |a [CS] 
245 1 0 |a Aplikace principu samofinancování v hospodářské praxi.  |c J. David, J. Hlavica, P. Krejčí 
520 |a Praktické skúsenosti s uplatnením princípu samofinancovania v podniku První Brněnská strojírna. Základné prístupy a východiská. Tvorba zdrojov a ich použitie v podmienkach samofinancovania. Vstupné hodnoty a funkčný model samofinancovania. Autoregulačný mechanizmus modelu samofinancovania. 
610 2 0 |a samofinancovanie 
610 2 0 |a prostriedky podnikové 
610 2 0 |a zdroje finančné 
610 2 0 |a tvorba fondov podnikových 
610 2 0 |a modely podniku 
610 2 0 |a podnik priemyselný 
610 2 0 |a ČSFR 
100 1 |a David, J. 
700 1 |a Hlavica, J. 
700 1 |a Krejčí, P.